000 00462nam a2200121Ia 4500
008 160712s9999 xx 000 0 und d
100 _aCasas, Edgardo V.
245 _cEdgardo V. Casas,
_aOptimizing Microwave-assisted Crude Butter Extraction from Carabao Mango (Mangifera indica) Kernels
260 _c2015
_bScience Diliman
300 _avol. 27 no. 2
650 _xSCIENCE
856 _uhttp://journals.upd.edu.ph/index.php/sciencediliman/issue/view/511/showToc
999 _c297103
_d297103